000 00582nam a2200217Ia 4500
005 20240320100852.0
008 131103s9999 xx 000 0 und d
020 _a81 87233 89 3
_cRs.175.00
040 _aLoreto College
041 _aEnglish
082 _a420.7
_bBRI
100 _aBrittney, Lynn
245 _aSending e- mail @nd writing business letters
_cLynn Brittney
250 _a1st ed.
260 _aU.K.
_bInfinity Books
_c2001
300 _a192p.
504 _aIncludes index
650 _aEnglish language - Study & teaching
850 _aLCBED
942 _cBK
999 _c27611
_d78090